Musical instruments of tribal India (Record no. 10759)

MARC details
000 -LEADER
fixed length control field 00605cam a2200217ua 4500
005 - DATE AND TIME OF LATEST TRANSACTION
control field 20210405134416.0
008 - FIXED-LENGTH DATA ELEMENTS--GENERAL INFORMATION
fixed length control field 191207n ii |||gr||||Z||||||eng
020 ## - INTERNATIONAL STANDARD BOOK NUMBER
International Standard Book Number 8170490928
040 ## - CATALOGING SOURCE
Transcribing agency MAIN
Original cataloging agency IN-DiNC
041 ## - LANGUAGE CODE
Language code of sung or spoken text English
082 ## - DEWEY DECIMAL CLASSIFICATION NUMBER
Classification number 784.1954
Item number BHA
100 ## - MAIN ENTRY--PERSONAL NAME
Personal name Bhattacharya, Dilip
Relator term Author
245 ## - TITLE STATEMENT
Title Musical instruments of tribal India
Statement of responsibility, etc. By Dilip Bhattacharya
250 ## - EDITION STATEMENT
Edition statement 1st ed.
260 ## - PUBLICATION, DISTRIBUTION, ETC.
Place of publication, distribution, etc. New Delhi:
Name of publisher, distributor, etc. Manas Publications,
Date of publication, distribution, etc. 1999.
300 ## - PHYSICAL DESCRIPTION
Extent 240p.
650 ## - SUBJECT ADDED ENTRY--TOPICAL TERM
Topical term or geographic name entry element Musical instruments
650 ## - SUBJECT ADDED ENTRY--TOPICAL TERM
Topical term or geographic name entry element Tribal India
942 ## - ADDED ENTRY ELEMENTS (KOHA)
Koha item type Books
Source of classification or shelving scheme Dewey Decimal Classification
653 ## - INDEX TERM--UNCONTROLLED
Uncontrolled term Instruments & instrumental ensembles
Holdings
Withdrawn status Lost status Source of classification or shelving scheme Damaged status Not for loan Collection code Home library Current library Shelving location Date acquired Cost, normal purchase price Full call number Barcode Date last seen Copy number Price effective from Koha item type
    Dewey Decimal Classification     General Collection Naharkatiya College Library Naharkatiya College Library General Stacks 19/09/2020 2995.00 784.1954 BHA 24852 19/09/2020 1 19/09/2020 Books

Naharkatiya College © 2020. All rights reserved.

Powered By